000 00326nam a2200097Ia 4500
008 220120s9999||||xx |||||||||||||| ||und||
100 _aBhuvana, Vashanth kumar
_912094
245 0 _aDesign and developments of CPU card of IMT
260 _aCoorg Institute of Technology
_bPonnampet
_c2007
650 _aELECTRONICS AND COMMUNICATIONS
999 _c137679
_d137679